|
|
|
|
| LEADER |
00000nam0a2200000 4500 |
| 001 |
299852 |
| 005 |
20231102001237.0 |
| 035 |
|
|
|a (RuTPU)RU\TPU\book\325005
|
| 090 |
|
|
|a 299852
|
| 100 |
|
|
|a 20150703d1982 k y0rusy50 ca
|
| 101 |
0 |
|
|a rus
|
| 102 |
|
|
|a RU
|
| 105 |
|
|
|a a dm 001zy
|
| 200 |
1 |
|
|a Растительные микрофоссилии верхнего докембрия и кембрия Европейской части СССР и их стратиграфическое значение
|e автореферат диссертации на соискание ученой степени доктора геолого-минералогических наук
|e спец. 04.00.09
|f Т.-Р. В. Янкаускас
|g Академия наук СССР (АН СССР), Геологический институт (ГИН)
|
| 210 |
|
|
|a Москва
|d 1982
|
| 215 |
|
|
|a 52 с.
|c ил.
|
| 300 |
|
|
|a Защита сост. 23.12.1982 г.
|
| 320 |
|
|
|a Библиогр.: с. 49-52 (47 назв.)
|
| 606 |
1 |
|
|a Растения ископаемые
|x Систематика
|2 stltpush
|3 (RuTPU)RU\TPU\subj\23951
|9 48415
|
| 610 |
1 |
|
|a исследования
|
| 610 |
1 |
|
|a история
|
| 610 |
1 |
|
|a микрофоссилии
|
| 610 |
1 |
|
|a морфология
|
| 610 |
1 |
|
|a классификация
|
| 610 |
1 |
|
|a использование
|
| 610 |
1 |
|
|a стратиграфия
|
| 610 |
1 |
|
|a докембрий
|
| 610 |
1 |
|
|a кембрий
|
| 610 |
1 |
|
|a авторефераты диссертаций
|
| 675 |
|
|
|a 561(04)
|v 4
|
| 686 |
|
|
|a 04.00.09
|2 oksvnk
|
| 700 |
|
1 |
|a Янкаускас
|b Т.-Р. В.
|g Тадас-Римас Владимирович
|
| 712 |
0 |
2 |
|a Академия наук СССР (АН СССР)
|b Геологический институт (ГИН)
|c (Москва)
|2 stltpush
|3 (RuTPU)RU\TPU\col\11354
|
| 801 |
|
1 |
|a RU
|b 63413507
|c 20150703
|
| 801 |
|
2 |
|a RU
|b 63413507
|c 20170807
|g RCR
|
| 942 |
|
|
|c BK
|